[Event "DVM U14 2022"]
[Site "Kelheim GER"]
[Date "2022.12.30"]
[Round "7"]
[White "Großmann, Moritz"]
[Black "Nolte, Matthis"]
[Result "1-0"]
[Termination "normal"]
[Board "6.4"]
[WhiteElo "1372"]
[BlackElo "1220"]
[WhiteClock "00:21:10"]
[BlackClock "00:04:38"]
[WhiteTeam "SG Königskinder Hohentübingen e.V."]
[BlackTeam "SK Blauer Springer Paderborn 1926 e. V."]
[PlyCount "77"]
[WhiteFideId "34640266"]
[BlackFideId "34640304"]
[EventCountry "GER"]
[EventRounds "7"]
[EventType "team-swiss"]
[EventDate "2022.12.26"]

1. d4 {[%clk 01:30:56]} {[%emt 00:00:04]} d5 {[%clk 01:30:56]} {[%emt
00:00:05]} 2. Nf3 {[%clk 01:31:16]} {[%emt 00:00:10]} Bf5 {[%clk 01:31:11]}
{[%emt 00:00:14]} 3. c4 {[%clk 01:31:12]} {[%emt 00:00:35]} e6 {[%clk
01:31:26]} {[%emt 00:00:15]} 4. e3 {[%clk 01:29:54]} {[%emt 00:01:47]} Nf6
{[%clk 01:31:31]} {[%emt 00:00:25]} 5. Nc3 {[%clk 01:28:00]} {[%emt 00:02:25]}
c6 {[%clk 01:26:33]} {[%emt 00:05:29]} 6. Be2 {[%clk 01:13:25]} {[%emt
00:15:04]} Bd6 {[%clk 01:20:02]} {[%emt 00:07:01]} 7. Ne5 {[%clk 01:09:07]}
{[%emt 00:04:48]} Nbd7 {[%clk 01:16:47]} {[%emt 00:03:45]} 8. f4 {[%clk
01:09:20]} {[%emt 00:00:17]} Bc7 {[%clk 01:12:51]} {[%emt 00:04:26]} 9. O-O
{[%clk 01:02:46]} {[%emt 00:07:04]} Nxe5 {[%clk 01:05:01]} {[%emt 00:08:19]}
10. fxe5 {[%clk 01:00:23]} {[%emt 00:02:54]} Ne4 {[%clk 01:03:09]} {[%emt
00:02:23]} 11. Nxe4 {[%clk 00:50:06]} {[%emt 00:10:47]} Bxe4 {[%clk 01:01:16]}
{[%emt 00:02:23]} 12. Bd3 {[%clk 00:49:22]} {[%emt 00:01:15]} Bxd3 {[%clk
00:56:24]} {[%emt 00:05:22]} 13. Qxd3 {[%clk 00:49:46]} {[%emt 00:00:05]} Qe7
{[%clk 00:48:29]} {[%emt 00:08:25]} 14. Bd2 {[%clk 00:48:12]} {[%emt 00:02:04]}
h5 {[%clk 00:44:20]} {[%emt 00:04:40]} 15. c5 {[%clk 00:44:38]} {[%emt
00:04:03]} h4 {[%clk 00:40:00]} {[%emt 00:04:50]} 16. Rf3 {[%clk 00:43:23]}
{[%emt 00:01:45]} Qg5 {[%clk 00:38:06]} {[%emt 00:02:24]} 17. Raf1 {[%clk
00:41:21]} {[%emt 00:02:32]} h3 {[%clk 00:33:10]} {[%emt 00:05:26]} 18. Rg3
{[%clk 00:41:08]} {[%emt 00:00:43]} Qe7 {[%clk 00:28:29]} {[%emt 00:05:11]} 19.
Rxg7 {[%clk 00:40:05]} {[%emt 00:01:33]} Rf8 {[%clk 00:25:17]} {[%emt
00:03:41]} 20. Qh7 {[%clk 00:36:02]} {[%emt 00:04:34]} hxg2 {[%clk 00:19:54]}
{[%emt 00:05:53]} 21. Kxg2 {[%clk 00:32:43]} {[%emt 00:03:49]} O-O-O {[%clk
00:17:20]} {[%emt 00:03:04]} 22. Kh1 {[%clk 00:31:03]} {[%emt 00:02:11]} Rh8
{[%clk 00:15:44]} {[%emt 00:02:05]} 23. Rfxf7 {[%clk 00:30:35]} {[%emt
00:00:58]} Rxh7 {[%clk 00:14:52]} {[%emt 00:01:22]} 24. Rxe7 {[%clk 00:30:59]}
{[%emt 00:00:06]} Rxg7 {[%clk 00:15:07]} {[%emt 00:00:14]} 25. Rxg7 {[%clk
00:31:23]} {[%emt 00:00:07]} Rf8 {[%clk 00:14:35]} {[%emt 00:01:02]} 26. Kg2
{[%clk 00:29:34]} {[%emt 00:02:19]} Bd8 {[%clk 00:13:54]} {[%emt 00:01:12]} 27.
Be1 {[%clk 00:28:22]} {[%emt 00:01:41]} Rh8 {[%clk 00:14:02]} {[%emt 00:00:23]}
28. Bg3 {[%clk 00:28:18]} {[%emt 00:00:31]} a6 {[%clk 00:12:42]} {[%emt
00:01:52]} 29. b4 {[%clk 00:28:01]} {[%emt 00:00:48]} a5 {[%clk 00:12:23]}
{[%emt 00:00:49]} 30. a3 {[%clk 00:28:23]} {[%emt 00:00:07]} Kb8 {[%clk
00:12:18]} {[%emt 00:00:35]} 31. Rg6 {[%clk 00:26:53]} {[%emt 00:02:00]} Re8
{[%clk 00:11:53]} {[%emt 00:00:56]} 32. Bf4 {[%clk 00:25:47]} {[%emt 00:01:36]}
b6 {[%clk 00:10:27]} {[%emt 00:01:55]} 33. Bg5 {[%clk 00:22:38]} {[%emt
00:03:40]} axb4 {[%clk 00:07:26]} {[%emt 00:03:31]} 34. axb4 {[%clk 00:21:30]}
{[%emt 00:01:38]} Bc7 {[%clk 00:06:16]} {[%emt 00:01:40]} 35. h4 {[%clk
00:20:39]} {[%emt 00:01:21]} Kc8 {[%clk 00:05:45]} {[%emt 00:01:01]} 36. h5
{[%clk 00:20:41]} {[%emt 00:00:28]} Rh8 {[%clk 00:05:31]} {[%emt 00:00:44]} 37.
h6 {[%emt 00:00:22]} Bd8 {[%clk 00:04:18]} {[%emt 00:01:41]} 38. Bxd8 {[%clk
00:21:10]} {[%emt 00:00:11]} Kxd8 {[%clk 00:04:38]} {[%emt 00:00:09]} 39. cxb6
{[%emt 00:01:21]} 1-0

[Event "DVM U14 2022"]
[Site "Kelheim GER"]
[Date "2022.12.30"]
[Round "7"]
[White "Krüger, Arthur"]
[Black "Melestean, Maxim"]
[Result "1-0"]
[Termination "normal"]
[Board "7.1"]
[WhiteElo "1953"]
[BlackElo "1315"]
[WhiteClock "00:18:53"]
[BlackClock "00:02:27"]
[WhiteTeam "Hamburger SK von 1830 eV"]
[BlackTeam "Schachklub König Plauen"]
[PlyCount "63"]
[WhiteFideId "16244966"]
[BlackFideId "16280393"]
[EventCountry "GER"]
[EventRounds "7"]
[EventType "team-swiss"]
[EventDate "2022.12.26"]

1. e4 {[%clk 01:30:45]} {[%emt 00:00:14]} c6 {[%clk 01:30:56]} {[%emt
00:00:04]} 2. d4 {[%clk 01:31:12]} {[%emt 00:00:03]} d5 {[%clk 01:31:22]}
{[%emt 00:00:05]} 3. e5 {[%clk 01:31:38]} {[%emt 00:00:03]} Bf5 {[%clk
01:31:49]} {[%emt 00:00:04]} 4. h4 {[%clk 01:31:49]} {[%emt 00:00:18]} Qc7
{[%clk 01:32:11]} {[%emt 00:00:09]} 5. Nc3 {[%clk 01:32:12]} {[%emt 00:00:07]}
f6 {[%clk 01:31:58]} {[%emt 00:00:43]} 6. Bf4 {[%clk 01:31:36]} {[%emt
00:01:06]} Nd7 {[%clk 01:29:21]} {[%emt 00:03:07]} 7. Nge2 {[%clk 01:31:35]}
{[%emt 00:00:31]} Qb6 {[%clk 01:17:35]} {[%emt 00:12:15]} 8. Rb1 {[%clk
01:28:09]} {[%emt 00:03:56]} e6 {[%clk 01:12:42]} {[%emt 00:05:23]} 9. Ng3
{[%clk 01:23:21]} {[%emt 00:05:18]} Bg6 {[%clk 01:11:51]} {[%emt 00:01:22]} 10.
h5 {[%clk 01:22:08]} {[%emt 00:01:48]} Bf7 {[%clk 01:12:19]} 11. Qd2 {[%clk
01:20:00]} {[%emt 00:02:34]} Rc8 {[%clk 00:55:13]} {[%emt 00:17:36]} 12. exf6
{[%clk 01:17:20]} {[%emt 00:03:10]} Ngxf6 {[%clk 00:53:11]} {[%emt 00:02:33]}
13. Be2 {[%clk 01:16:40]} {[%emt 00:01:09]} c5 {[%clk 00:48:27]} {[%emt
00:05:14]} 14. dxc5 {[%clk 01:12:42]} {[%emt 00:04:28]} Bxc5 {[%clk 00:47:06]}
{[%emt 00:01:51]} 15. O-O {[%clk 01:11:53]} {[%emt 00:01:18]} h6 {[%clk
00:38:08]} {[%emt 00:09:30]} 16. Na4 {[%clk 01:08:34]} {[%emt 00:03:48]} Qc6
{[%clk 00:31:43]} {[%emt 00:06:55]} 17. Nxc5 {[%clk 01:08:22]} {[%emt
00:00:42]} Nxc5 {[%clk 00:32:03]} {[%emt 00:00:10]} 18. Be5 {[%clk 00:55:44]}
{[%emt 00:13:08]} Ncd7 {[%clk 00:26:41]} {[%emt 00:05:52]} 19. Bxf6 {[%clk
00:52:58]} {[%emt 00:03:16]} Nxf6 {[%clk 00:27:05]} {[%emt 00:00:06]} 20. Qb4
{[%clk 00:51:12]} {[%emt 00:02:16]} a6 {[%clk 00:24:34]} {[%emt 00:03:02]} 21.
Rfe1 {[%clk 00:45:46]} {[%emt 00:05:56]} Kd7 {[%clk 00:19:03]} {[%emt
00:06:00]} 22. Rbd1 {[%clk 00:38:31]} {[%emt 00:07:44]} Rc7 {[%clk 00:16:00]}
{[%emt 00:03:34]} 23. c4 {[%clk 00:30:54]} {[%emt 00:08:07]} Qc5 {[%clk
00:14:22]} {[%emt 00:02:09]} 24. Qa4 {[%clk 00:28:19]} {[%emt 00:03:04]} Qc6
{[%clk 00:13:29]} {[%emt 00:01:23]} 25. Qa3 {[%clk 00:27:57]} {[%emt 00:00:52]}
Qc5 {[%clk 00:11:00]} {[%emt 00:02:46]} 26. b4 {[%clk 00:27:51]} {[%emt
00:00:49]} Qb6 {[%clk 00:10:11]} {[%emt 00:01:18]} 27. cxd5 {[%clk 00:24:36]}
{[%emt 00:03:45]} Nxd5 {[%clk 00:09:54]} {[%emt 00:00:48]} 28. Ne4 {[%clk
00:22:07]} {[%emt 00:02:59]} Kc8 {[%clk 00:08:29]} {[%emt 00:01:54]} 29. b5
{[%clk 00:21:56]} {[%emt 00:00:42]} Kd7 {[%clk 00:05:49]} {[%emt 00:03:10]} 30.
Bg4 {[%clk 00:19:28]} {[%emt 00:02:58]} Ke8 {[%clk 00:02:06]} {[%emt 00:04:13]}
31. Nd6 {[%clk 00:19:22]} {[%emt 00:00:35]} Kf8 {[%clk 00:02:27]} {[%emt
00:00:10]} 32. Nxf7 {[%clk 00:18:53]} {[%emt 00:00:59]} 1-0

[Event "DVM U14 2022"]
[Site "Kelheim GER"]
[Date "2022.12.30"]
[Round "7"]
[White "Akladius, Kyrillus"]
[Black "Dorendorf, Mika"]
[Result "0-1"]
[Termination "normal"]
[Board "7.2"]
[WhiteElo "1245"]
[BlackElo "1783"]
[WhiteClock "00:22:05"]
[BlackClock "01:18:15"]
[WhiteTeam "Schachklub König Plauen"]
[BlackTeam "Hamburger SK von 1830 eV"]
[PlyCount "86"]
[WhiteFideId "16267036"]
[BlackFideId "16283066"]
[EventCountry "GER"]
[EventRounds "7"]
[EventType "team-swiss"]
[EventDate "2022.12.26"]

1. e4 {[%clk 01:30:59]} c5 {[%clk 01:30:57]} {[%emt 00:00:03]} 2. Nf3 {[%clk
01:31:23]} {[%emt 00:00:06]} Nc6 {[%clk 01:31:26]} {[%emt 00:00:01]} 3. d4
{[%clk 01:31:46]} {[%emt 00:00:07]} cxd4 {[%clk 01:31:54]} {[%emt 00:00:02]} 4.
Nxd4 {[%clk 01:32:10]} {[%emt 00:00:06]} Nf6 {[%clk 01:32:22]} {[%emt
00:00:03]} 5. Nc3 {[%clk 01:32:21]} {[%emt 00:00:20]} e5 {[%clk 01:32:48]}
{[%emt 00:00:03]} 6. Ndb5 {[%clk 01:32:42]} {[%emt 00:00:09]} d6 {[%clk
01:33:14]} {[%emt 00:00:04]} 7. Bg5 {[%clk 01:33:01]} {[%emt 00:00:11]} a6
{[%clk 01:33:41]} {[%emt 00:00:04]} 8. Na3 {[%clk 01:33:25]} {[%emt 00:00:06]}
b5 {[%clk 01:34:08]} {[%emt 00:00:02]} 9. Nd5 {[%clk 01:33:49]} {[%emt
00:00:06]} Be7 {[%clk 01:34:34]} {[%emt 00:00:04]} 10. c4 {[%clk 01:32:16]}
{[%emt 00:02:04]} b4 {[%clk 01:34:58]} {[%emt 00:00:06]} 11. Bxf6 {[%clk
01:32:33]} {[%emt 00:00:12]} Bxf6 {[%clk 01:35:23]} {[%emt 00:00:05]} 12. Qa4
{[%clk 01:32:23]} {[%emt 00:00:40]} Bd7 {[%clk 01:30:31]} {[%emt 00:05:22]} 13.
Nxb4 {[%clk 01:17:43]} {[%emt 00:15:10]} Nd4 {[%clk 01:30:11]} {[%emt
00:00:50]} 14. Qd1 {[%clk 01:17:44]} {[%emt 00:00:28]} Qa5 {[%clk 01:28:53]}
{[%emt 00:01:49]} 15. Qd2 {[%clk 01:16:42]} {[%emt 00:01:32]} Bg5 {[%clk
01:27:45]} {[%emt 00:01:38]} 16. Qxg5 {[%clk 01:05:38]} {[%emt 00:11:33]} Qxb4
{[%clk 01:28:02]} {[%emt 00:00:14]} 17. Qd2 {[%clk 01:05:52]} {[%emt 00:00:17]}
Rb8 {[%clk 01:27:58]} {[%emt 00:00:33]} 18. Qxb4 {[%clk 01:04:54]} {[%emt
00:01:28]} Rxb4 {[%clk 01:28:22]} {[%emt 00:00:06]} 19. b3 {[%clk 01:05:04]}
{[%emt 00:00:20]} a5 {[%emt 00:00:33]} 20. Bd3 {[%clk 01:03:23]} {[%emt
00:02:05]} Ke7 {[%clk 01:28:06]} {[%emt 00:00:49]} 21. Nc2 {[%clk 01:03:26]}
{[%emt 00:00:27]} Nxc2 {[%clk 01:28:28]} {[%emt 00:00:08]} 22. Bxc2 {[%clk
01:03:50]} {[%emt 00:00:06]} Ra8 {[%clk 01:27:08]} {[%emt 00:01:50]} 23. O-O
{[%clk 01:03:25]} {[%emt 00:00:55]} g6 {[%clk 01:25:36]} {[%emt 00:02:03]} 24.
Rfd1 {[%clk 00:53:52]} {[%emt 00:10:02]} f5 {[%clk 01:24:54]} {[%emt 00:01:13]}
25. f3 {[%clk 00:51:54]} {[%emt 00:02:27]} f4 {[%clk 01:25:05]} {[%emt
00:00:19]} 26. g3 {[%clk 00:41:56]} {[%emt 00:10:28]} Rf8 {[%clk 01:24:17]}
{[%emt 00:01:18]} 27. Kg2 {[%clk 00:41:32]} {[%emt 00:00:54]} g5 {[%clk
01:24:30]} {[%emt 00:00:17]} 28. Rd5 {[%clk 00:37:28]} {[%emt 00:04:34]} Ra8
{[%clk 01:23:56]} {[%emt 00:01:04]} 29. Rad1 {[%clk 00:36:34]} {[%emt
00:01:24]} a4 {[%clk 01:23:14]} {[%emt 00:01:13]} 30. Rxd6 {[%clk 00:35:50]}
{[%emt 00:01:12]} Rd8 {[%clk 01:23:06]} {[%emt 00:00:38]} 31. c5 {[%clk
00:35:31]} {[%emt 00:00:50]} Rb5 {[%clk 01:23:18]} {[%emt 00:00:18]} 32. c6
{[%clk 00:35:08]} {[%emt 00:00:54]} Bh3 {[%clk 01:22:59]} {[%emt 00:00:05]} 33.
Kxh3 {[%clk 00:35:35]} {[%emt 00:00:47]} Rxd6 {[%clk 01:23:24]} {[%emt
00:00:05]} 34. bxa4 {[%clk 00:31:29]} {[%emt 00:04:36]} Rc5 {[%clk 01:21:19]}
{[%emt 00:02:34]} 35. Rxd6 {[%clk 00:31:16]} {[%emt 00:00:43]} Kxd6 {[%clk
01:21:18]} {[%emt 00:00:31]} 36. Bb3 {[%clk 00:31:28]} {[%emt 00:00:18]} Rxc6
{[%clk 01:21:01]} {[%emt 00:00:47]} 37. Kg4 {[%clk 00:28:19]} {[%emt 00:03:39]}
h6 {[%clk 01:18:56]} {[%emt 00:02:35]} 38. gxf4 {[%clk 00:25:28]} {[%emt
00:03:21]} gxf4 {[%clk 01:18:16]} {[%emt 00:01:10]} 39. Kh5 {[%clk 00:24:15]}
{[%emt 00:01:44]} Kc5 {[%clk 01:17:16]} {[%emt 00:01:29]} 40. Kg4 {[%clk
00:24:01]} {[%emt 00:00:43]} Kd4 {[%clk 01:17:37]} {[%emt 00:00:09]} 41. Kh3
{[%clk 00:22:13]} {[%emt 00:02:18]} Rg6 {[%clk 01:17:23]} {[%emt 00:00:45]} 42.
Bc2 {[%clk 00:21:56]} {[%emt 00:00:47]} Ke3 {[%clk 01:17:46]} {[%emt 00:00:07]}
43. Bd1 {[%clk 00:22:05]} {[%emt 00:00:21]} Rd6 {[%clk 01:18:15]} {[%emt
00:00:01]} 0-1

[Event "DVM U14 2022"]
[Site "Kelheim GER"]
[Date "2022.12.30"]
[Round "7"]
[White "Borgert, Alexander"]
[Black "Rühmer, Nico"]
[Result "1-0"]
[Termination "normal"]
[Board "7.3"]
[WhiteElo "1541"]
[BlackElo "1391"]
[WhiteClock "00:48:40"]
[BlackClock "00:36:06"]
[WhiteTeam "Hamburger SK von 1830 eV"]
[BlackTeam "Schachklub König Plauen"]
[PlyCount "59"]
[WhiteFideId "16289188"]
[BlackFideId "34640339"]
[EventCountry "GER"]
[EventRounds "7"]
[EventType "team-swiss"]
[EventDate "2022.12.26"]

1. d4 {[%clk 01:30:56]} {[%emt 00:00:03]} f5 {[%clk 01:30:52]} {[%emt
00:00:08]} 2. e4 {[%clk 01:31:12]} {[%emt 00:00:14]} fxe4 {[%clk 01:30:59]}
{[%emt 00:00:23]} 3. Nc3 {[%clk 01:31:37]} {[%emt 00:00:06]} Nf6 {[%clk
01:31:10]} {[%emt 00:00:19]} 4. Bg5 {[%clk 01:31:52]} {[%emt 00:00:16]} e6
{[%clk 01:29:02]} {[%emt 00:02:37]} 5. Nxe4 {[%clk 01:32:00]} {[%emt 00:00:22]}
Be7 {[%clk 01:29:05]} {[%emt 00:00:26]} 6. Nxf6 {[%clk 01:06:56]} {[%emt
00:25:34]} Bxf6 {[%clk 01:27:48]} {[%emt 00:01:45]} 7. Qh5 {[%clk 01:04:55]}
{[%emt 00:02:33]} g6 {[%clk 01:25:03]} {[%emt 00:03:15]} 8. Bxf6 {[%clk
01:04:33]} {[%emt 00:00:53]} Qxf6 {[%clk 01:25:13]} {[%emt 00:00:19]} 9. Qe5
{[%clk 01:04:56]} {[%emt 00:00:08]} O-O {[%clk 01:19:50]} {[%emt 00:05:53]} 10.
Qxf6 {[%clk 01:02:47]} {[%emt 00:02:39]} Rxf6 {[%clk 01:20:07]} {[%emt
00:00:13]} 11. Nf3 {[%clk 01:03:06]} {[%emt 00:00:11]} b6 {[%clk 01:19:22]}
{[%emt 00:01:15]} 12. Be2 {[%clk 01:03:17]} {[%emt 00:00:18]} Bb7 {[%clk
01:19:16]} {[%emt 00:00:35]} 13. O-O {[%clk 01:03:20]} {[%emt 00:00:28]} Nc6
{[%clk 01:17:51]} {[%emt 00:01:55]} 14. c3 {[%clk 01:03:35]} {[%emt 00:00:16]}
Raf8 {[%clk 01:17:04]} {[%emt 00:01:17]} 15. Rad1 {[%clk 01:03:33]} {[%emt
00:00:31]} Ne7 {[%clk 01:15:47]} {[%emt 00:01:47]} 16. Ne5 {[%clk 01:02:36]}
{[%emt 00:01:28]} Rd8 {[%clk 01:11:09]} {[%emt 00:05:08]} 17. Bf3 {[%clk
01:01:52]} {[%emt 00:01:14]} Ba6 {[%clk 00:57:58]} {[%emt 00:13:40]} 18. Rfe1
{[%clk 01:01:47]} {[%emt 00:00:34]} d6 {[%clk 00:57:02]} {[%emt 00:01:28]} 19.
Ng4 {[%clk 01:01:49]} {[%emt 00:00:28]} Rf4 {[%clk 00:55:41]} {[%emt 00:01:50]}
20. Rxe6 {[%clk 01:00:00]} {[%emt 00:02:19]} Nf5 {[%clk 00:48:53]} {[%emt
00:07:19]} 21. Ne3 {[%clk 00:48:46]} {[%emt 00:11:41]} Nh4 {[%clk 00:39:18]}
{[%emt 00:10:08]} 22. Bd5 {[%clk 00:48:22]} {[%emt 00:00:53]} Kh8 {[%clk
00:37:46]} {[%emt 00:02:01]} 23. g3 {[%clk 00:47:20]} {[%emt 00:01:34]} Nf3
{[%clk 00:37:41]} {[%emt 00:00:35]} 24. Kg2 {[%clk 00:47:25]} {[%emt 00:00:25]}
Ng5 {[%clk 00:37:34]} {[%emt 00:00:36]} 25. gxf4 {[%clk 00:47:41]} {[%emt
00:00:14]} Nxe6 {[%clk 00:37:29]} {[%emt 00:00:35]} 26. Bxe6 {[%clk 00:48:03]}
{[%emt 00:00:08]} Be2 {[%clk 00:36:47]} {[%emt 00:01:11]} 27. Re1 {[%clk
00:47:53]} {[%emt 00:00:40]} Bh5 {[%clk 00:36:14]} {[%emt 00:01:05]} 28. Bg4
{[%clk 00:48:03]} {[%emt 00:00:18]} Re8 {[%clk 00:35:43]} {[%emt 00:01:03]} 29.
Bxh5 {[%clk 00:48:23]} {[%emt 00:00:10]} gxh5 {[%clk 00:36:06]} {[%emt
00:00:06]} 30. Nc2 {[%clk 00:48:40]} {[%emt 00:00:13]} 1-0

[Event "DVM U14 2022"]
[Site "Kelheim GER"]
[Date "2022.12.30"]
[Round "7"]
[White "da Costa Silva, Pepe"]
[Black "Kellner, Anton"]
[Result "0-1"]
[Termination "normal"]
[Board "7.4"]
[WhiteElo "1103"]
[BlackElo "1330"]
[WhiteClock "00:38:20"]
[BlackClock "01:09:53"]
[WhiteTeam "Schachklub König Plauen"]
[BlackTeam "Hamburger SK von 1830 eV"]
[PlyCount "80"]
[WhiteFideId "16282000"]
[BlackFideId "16293185"]
[EventCountry "GER"]
[EventRounds "7"]
[EventType "team-swiss"]
[EventDate "2022.12.26"]

1. e4 {[%clk 01:30:58]} {[%emt 00:00:02]} c5 {[%clk 01:30:54]} {[%emt
00:00:07]} 2. Nf3 {[%clk 01:31:24]} {[%emt 00:00:03]} d6 {[%clk 01:31:18]}
{[%emt 00:00:06]} 3. d4 {[%clk 01:31:26]} {[%emt 00:00:28]} cxd4 {[%clk
01:31:38]} {[%emt 00:00:10]} 4. Nxd4 {[%clk 01:31:48]} {[%emt 00:00:08]} Nf6
{[%clk 01:32:01]} {[%emt 00:00:07]} 5. Nc3 {[%clk 01:32:10]} {[%emt 00:00:08]}
a6 {[%clk 01:32:27]} {[%emt 00:00:04]} 6. f3 {[%clk 01:31:41]} {[%emt
00:01:00]} e5 {[%clk 01:32:50]} {[%emt 00:00:06]} 7. Nde2 {[%clk 01:30:39]}
{[%emt 00:01:32]} Be6 {[%clk 01:33:06]} {[%emt 00:00:13]} 8. Ng3 {[%clk
01:29:49]} {[%emt 00:01:22]} Nbd7 {[%clk 01:32:59]} {[%emt 00:00:34]} 9. Be3
{[%clk 01:27:27]} {[%emt 00:02:54]} Be7 {[%clk 01:33:14]} {[%emt 00:00:14]} 10.
Be2 {[%clk 01:26:20]} {[%emt 00:01:38]} O-O {[%clk 01:33:30]} {[%emt 00:00:13]}
11. O-O {[%clk 01:26:47]} {[%emt 00:00:05]} b5 {[%clk 01:33:13]} {[%emt
00:00:46]} 12. Qd2 {[%clk 01:24:51]} {[%emt 00:02:27]} Nb6 {[%clk 01:33:18]}
{[%emt 00:00:23]} 13. Bxb6 {[%clk 01:23:39]} {[%emt 00:01:43]} Qxb6 {[%clk
01:33:42]} {[%emt 00:00:07]} 14. Kh1 {[%clk 01:23:42]} {[%emt 00:00:28]} Qc5
{[%clk 01:32:40]} {[%emt 00:01:29]} 15. Rfd1 {[%clk 01:22:50]} {[%emt
00:01:24]} Rac8 {[%clk 01:31:38]} {[%emt 00:01:31]} 16. Rac1 {[%clk 01:21:08]}
{[%emt 00:02:14]} Rfd8 {[%clk 01:30:08]} {[%emt 00:01:59]} 17. Nd5 {[%clk
01:20:26]} {[%emt 00:01:12]} Nxd5 {[%clk 01:28:31]} {[%emt 00:02:06]} 18. exd5
{[%clk 01:20:06]} {[%emt 00:00:51]} Bd7 {[%clk 01:28:42]} {[%emt 00:00:18]} 19.
Ne4 {[%clk 01:18:34]} {[%emt 00:02:03]} Qb6 {[%clk 01:28:08]} {[%emt 00:01:01]}
20. c3 {[%clk 01:15:16]} {[%emt 00:03:50]} f5 {[%clk 01:26:18]} {[%emt
00:02:21]} 21. Ng3 {[%clk 01:10:46]} {[%emt 00:05:00]} h6 {[%clk 01:25:13]}
{[%emt 00:01:35]} 22. Bd3 {[%clk 01:07:33]} {[%emt 00:03:44]} Bg5 {[%clk
01:23:21]} {[%emt 00:02:20]} 23. Qc2 {[%clk 01:06:11]} {[%emt 00:01:53]} Bxc1
{[%clk 01:22:46]} {[%emt 00:01:06]} 24. Qxc1 {[%clk 01:05:53]} {[%emt
00:00:48]} Rf8 {[%clk 01:22:29]} {[%emt 00:00:43]} 25. Qc2 {[%clk 01:02:52]}
{[%emt 00:03:35]} g6 {[%clk 01:19:50]} {[%emt 00:03:08]} 26. h3 {[%clk
01:01:04]} {[%emt 00:02:18]} Qc5 {[%clk 01:18:46]} {[%emt 00:01:31]} 27. Bf1
{[%clk 00:55:36]} {[%emt 00:06:01]} a5 {[%clk 01:17:13]} {[%emt 00:02:03]} 28.
Qd2 {[%clk 00:54:50]} {[%emt 00:01:16]} Kh7 {[%clk 01:16:50]} {[%emt 00:00:52]}
29. Kh2 {[%clk 00:53:23]} {[%emt 00:01:56]} b4 {[%clk 01:13:51]} {[%emt
00:03:28]} 30. Rc1 {[%clk 00:48:05]} {[%emt 00:05:51]} bxc3 {[%clk 01:12:33]}
{[%emt 00:01:47]} 31. Rxc3 {[%clk 00:46:50]} {[%emt 00:01:47]} Qb4 {[%clk
01:11:40]} {[%emt 00:01:11]} 32. Qc1 {[%clk 00:42:56]} {[%emt 00:04:32]} Rxc3
{[%clk 01:11:17]} 33. Qxc3 {[%clk 00:42:02]} {[%emt 00:02:21]} Qxc3 {[%clk
01:11:31]} {[%emt 00:00:16]} 34. bxc3 {[%clk 00:42:29]} {[%emt 00:00:03]} Bc8
{[%clk 01:11:04]} {[%emt 00:00:51]} 35. c4 {[%clk 00:41:55]} {[%emt 00:01:09]}
Ba6 {[%clk 01:10:49]} {[%emt 00:00:40]} 36. Bd3 {[%clk 00:40:56]} {[%emt
00:01:34]} Rc8 {[%clk 01:09:44]} {[%emt 00:01:34]} 37. h4 {[%clk 00:39:13]}
{[%emt 00:02:14]} Bxc4 {[%clk 01:09:46]} {[%emt 00:00:27]} 38. Bxc4 {[%clk
00:39:34]} {[%emt 00:00:10]} Rxc4 {[%clk 01:10:07]} {[%emt 00:00:09]} 39. Kh3
{[%clk 00:39:30]} {[%emt 00:00:35]} Rc2 {[%clk 01:09:52]} {[%emt 00:00:42]} 40.
h5 {[%clk 00:38:20]} {[%emt 00:01:43]} Rxa2 {[%clk 01:09:53]} {[%emt 00:00:28]}
0-1